000 02759cam a2200385 i 4500
001 18067845
005 20260216123901.0
008 140314s2014 nyua b 001 0 eng
010 _a 2014003031
020 _a9780815361305
040 _aDLC
_beng
_cDLC
_erda
_dDLC
041 _aeng
050 0 0 _aHN766.A8
_bH2943 2014
100 1 _aḤamdān, Nahlah Yāsīn.
245 1 0 _aArab approaches to conflict resolution :
_bmediation, negotiation and settlement of political disputes /
_cNahla Yassine-Hamdan, and Frederic S. Pearson.
264 1 _aNew York :
_bRoutledge,
_c2014.
300 _axv, 315 pages :
_billustration ;
_c24 cm
336 _atext
_2rdacontent
337 _aunmediated
_2rdamedia
338 _avolume
_2rdacarrier
490 0 _aRoutledge studies in peace and conflict resolution
504 _aIncludes bibliographical references (pages 281-304) and index.
520 _a"This book examines Arab approaches to mediation, negotiation and settlement of political disputes. This book proposes that two clusters of independent variables are potentially responsible for the distinctive nature of Arab conflict resolution. Firstly, those linked with Arab political regimes and imperatives, and secondly those linked with Arab and /or Islamic culture. The text also focuses on the Arab League and its history of involvement in crisis and conflict situations, along with the roles of individual leaders, emissaries and extra-regional actors such as IGOs (Inter-Governmental Organisations) in undertaking mediation initiatives. IGO and Arab League activity has taken on new importance since the various intervention attempts in connection with the "Arab Spring" since 2011. During the negotiation process, most Arab regimes tend to view conflicts within a broad historical context and Islamic culture prioritises the cohesion of the community and internal stability of the state over individual autonomy. This has created an authoritarian style of leadership, and in practice, leaders in the Middle East have had near absolute authority in the decision-making process--a fact which will have a lot of weight in conflict management and whether peace will endure for a long period of time"--
_cProvided by publisher.
650 0 _aConflict management
_zArab countries.
650 0 _aMediation
_zArab countries.
650 0 _aDecision making
_zArab countries.
650 0 _aForeign relations
_zArab countries.
650 7 _aPOLITICAL SCIENCE / Peace.
_2bisacsh
650 7 _aHISTORY / Middle East / General.
_2bisacsh
650 7 _aPOLITICAL SCIENCE / Political Freedom & Security / General.
_2bisacsh
651 0 _aArab countries
_xPolitics and government.
700 1 _aPearson, Frederic S.
942 _2lcc
_cBK
_n0
999 _c30498
_d30498